00671nam a2200157Ia 4500008004100000100003300041245008200074245011500156260005300271260000900324300001200333650001500345856006100360999001900421952007300440170221s9999 xx 000 0 und d aLarisa Viktorovna Prokhorova aRights of Minors in the Sphere of Culture, Recreation and Leisure Activities  cLarisa Viktorovna Prokhorova, Anna Maximovna Rabets, Elena Olegovna Tchinaryan, Anait Vyacheslavovna Markosyan bInternational Review of Management and Marketing c2016 a15 : 16 xMarketing. uhttp://www.econjournals.com/index.php/irmm/issue/view/75 c312247d312247 001040aCLbCLd2017-02-21l0r2017-02-21 00:00:00w2017-02-21yFOJ